000
00218nam a22000857a 4500
008
160803b xxu||||| |||| 00| 0 eng d
100
_9
1
_a
Goscinny R
245
_a
Falling Sky
_b
Asterix
260
_a
USA
_b
Orion Publication
_c
2004
999
_c
2651
_d
2651